Wat hebben deze twee landen met elkaar gemeen? - Statistieken

Algemene statistieken
  • Deze quiz is 2.252 keer genomen
  • De gemiddelde score is 9 van 15
Antwoordstatistieken
Vraag Antwoord % Correct
Vaticaanstad en San Marino Zijn compleet ingesloten door Italië
93%
Japan en Monaco Hebben een levensverwachting boven de 80
83%
Brazilië en Colombia Zijn één van de top 10 koffie-exporteurs
81%
Duitsland en Frankrijk Zijn lid van de EU en de G7
78%
Zwitserland en Costa Rica Zijn politiek gezien neutraal
74%
Denemarken en Finland Hebben een kruis op hun vlag
70%
Verenigde Arabische Emiraten en Marokko Ten minste de helft van hun grondgebied is woestijn
60%
Iran en Syrië Grenzen aan Irak
58%
Luxemburg en Qatar Hebben een per-capita inkomen boven de $100,000 per jaar
56%
Verenigde Staten en Verenigd Koninkrijk Gebruiken een meerderheidsstelsel ('first past the post') in verkiezingen
54%
D. R. Congo en Rwanda Waren ooit deel van het Belgische Rijk
53%
Thailand en Myanmar Huisvesten meer dan 30 miljoen boeddhisten
43%
Australië en Indonesië Huisvesten boomkangoeroes
37%
Paraguay en Peru Het grootste deel van de bevolking is mestizos
21%
Zuid-Afrika en Kenia Zijn lid van het Gemenebest van Landen
17%
Geen overeenkomende quizzen gevonden
Scoreverdeling
Procent van Mensen met Elke Score
Percentiel versus Aantal Correcte Antwoorden
Uw Scoregeschiedenis
U heeft deze quiz nog niet genomen